000 00644cam a22002411 4500
001 sa 64005434
003 DLC
005 20260227112032.0
008 890821s1962 ii b 000 0 malo
010 _asa 64005434
035 _a(OCoLC)20226658
040 _aDLC
_cWaU
_dDLC
042 _apremarc
043 _ae-gr---
050 0 0 _aPZ3059
_b.N3
100 0 _aKrishna Chaitanya,
_d1918-
245 1 0 _aYavanasāhityacaritṛaṃ.
260 _c[1962]
300 _a245 p.
_bmaps.
_c18 cm.
500 _aIn Malayalam.
650 0 _aGreek literature
_xHistory and criticism.
650 0 _aGreek literature, Modern
_xHistory and criticism.
999 _c59117
_d59117